| 000 | 00766nam a22002417a 4500 | ||
|---|---|---|---|
| 003 | dpl | ||
| 005 | 20240808172103.0 | ||
| 008 | 240305b |||||||| |||| 00| 0 eng d | ||
| 010 | _aENG-140975 ENG-141297 | ||
| 020 |
_a9789354571695 _c1300.00 |
||
| 035 | _aEN-124507 | ||
| 035 | _aEN-124829 | ||
| 037 | _bDBAD | ||
| 040 | _c. | ||
| 082 | _a616.07 | ||
| 100 |
_aGali, Vinutha _962808 |
||
| 245 |
_aChanges In Conventional and Liquid Based Cytoloy Pap Smear In Vrious Cervical Lesions/ _cBy Vinutha Gali [and] Gayathri |
||
| 260 |
_aChennai _bSree Balaji Medical College and Hospital |
||
| 270 |
_aChromepet _bChennai _e600044 |
||
| 300 |
_a36Pages _c28cm,(hb) |
||
| 700 |
_962809 _aGayathri _eAuthor |
||
| 942 |
_2ddc _cEN _h616.07 _mVINU |
||
| 999 |
_c204438 _d204438 |
||